[Event "I C.to della Martesana"]
[Site "Cologno Monzese ITA"]
[Date "2010.05.25"]
[Round "2"]
[White "Borgni, Cristiano"]
[Black "Borin, Fabio"]
[Result "0-1"]
[WhiteElo "1789"]
[BlackElo "2106"]
[PlyCount "26"]
[EventDate "2010.05.21"]

1. d4 d6 2. Nf3 Nf6 3. c4 Nbd7 4. Nc3 c5 5. Qa4 cxd4 6. Nxd4 g6 7. g3 Bg7 8. f3
O-O 9. Qd1 Qb6 10. Nb3 a5 11. a4 Ne5 12. Nd2 Qe3 13. Bg2 Nd3+ 0-1

[Event "I C.to della Martesana"]
[Site "Cologno Monzese ITA"]
[Date "2010.05.25"]
[Round "2"]
[White "Faccio, Fabio"]
[Black "Borgni, Fiorenzo"]
[Result "1-0"]
[WhiteElo "1926"]
[BlackElo "1514"]
[PlyCount "49"]
[EventDate "2010.05.21"]

1. e4 e5 2. Nf3 d6 3. d4 Bg4 4. dxe5 Bxf3 5. Qxf3 dxe5 6. Bc4 Qf6 7. Qb3 Bc5 8.
O-O b6 9. Nc3 Ne7 10. Be3 Bd4 11. Nb5 Na6 12. c3 c6 13. cxd4 cxb5 14. Bxb5+ Kf8
15. Bxa6 exd4 16. Bd2 Rd8 17. Rac1 Nc6 18. Bb7 Na5 19. Qa3+ Qe7 20. Bb4 Qxb4
21. Qxb4+ Ke8 22. Bc6+ Nxc6 23. Rxc6 d3 24. Rc7 Rd7 25. Qb5 1-0

[Event "I C.to della Martesana"]
[Site "Cologno Monzese ITA"]
[Date "2010.05.25"]
[Round "2"]
[White "Mandelli, Fabio"]
[Black "Cani, Gazmir"]
[Result "1/2-1/2"]
[WhiteElo "1579"]
[BlackElo "2045"]
[PlyCount "147"]
[EventDate "2010.05.21"]

1. c4 g6 2. Nc3 Nf6 3. g3 Bg7 4. Bg2 O-O 5. Nf3 d5 6. cxd5 Nxd5 7. Nxd5 Qxd5 8.
O-O Nc6 9. d3 e5 10. Bd2 Qd6 11. Bc3 Bg4 12. Rc1 Nd4 13. Nxd4 exd4 14. Bd2 c6
15. Rc4 Rfe8 16. Re1 Rac8 17. b4 Qe6 18. Qc1 Qd6 19. Qc2 Rxe2 20. Rxe2 Bxe2 21.
Bf4 Qe6 22. b5 Bg4 23. bxc6 Qe1+ 24. Bf1 bxc6 25. Qc1 Qxc1 26. Rxc1 Bf8 27. h3
Be6 28. Bg2 c5 29. g4 c4 30. dxc4 Rxc4 31. Rxc4 Bxc4 32. a4 Bb4 33. Bf3 d3 34.
Bd1 f6 35. Be3 a5 36. f4 Kf7 37. Kf2 Ke6 38. h4 Kd5 39. Bf3+ Kd6 40. Bd1 Bd5
41. Bd4 f5 42. gxf5 gxf5 43. Ke3 Bc4 44. Be5+ Ke6 45. Kd4 Ba6 46. Bb3+ Ke7 47.
Bd1 Kf7 48. Bh5+ Ke6 49. Bd1 Be1 50. h5 Bf2+ 51. Kc3 Kd5 52. Bf3+ Kc5 53. Kd2
Bc4 54. Bd1 Kc6 55. h6 Bc5 56. Bf3+ Kd7 57. Bd1 Ke6 58. Kc3 Ba6 59. Bb3+ Ke7
60. Kd2 Bb4+ 61. Bc3 Bxc3+ 62. Kxc3 Kf6 63. Bg8 Kg6 64. Be6 Kxh6 65. Bxf5 Kg7
66. Bxd3 Bxd3 67. Kxd3 Kf6 68. Ke4 Ke6 69. Ke3 Kd5 70. Kf3 Ke6 71. Kg4 Kf6 72.
f5 h6 73. Kh5 Kxf5 74. Kxh6 1/2-1/2

[Event "I C.to della Martesana"]
[Site "Cologno Monzese ITA"]
[Date "2010.05.25"]
[Round "2"]
[White "Moreschi, Mauro"]
[Black "Galli, Giuliano"]
[Result "1-0"]
[WhiteElo "1917"]
[BlackElo "1627"]
[PlyCount "51"]
[EventDate "2010.05.21"]

1. e4 c5 2. Nf3 d6 3. Bb5+ Bd7 4. Bxd7+ Nxd7 5. O-O Ngf6 6. Re1 g6 7. b3 Bg7 8.
Bb2 O-O 9. c4 Qc7 10. Nc3 a6 11. Qc2 e6 12. Ne2 e5 13. Ng3 Rfe8 14. d3 Bh6 15.
Bc1 Bxc1 16. Qxc1 Kg7 17. Qg5 h6 18. Nf5+ Kg8 19. Nxh6+ Kf8 20. Re3 Nh7 21. Qh4
Ndf6 22. Ng5 Nxg5 23. Qxg5 Nh7 24. Qg4 Qe7 25. Rf3 Ng5 26. Qxg5 1-0

[Event "I C.to della Martesana"]
[Site "Cologno Monzese ITA"]
[Date "2010.05.25"]
[Round "3"]
[White "Borin, Fabio"]
[Black "Moreschi, Mauro"]
[Result "1-0"]
[WhiteElo "2106"]
[BlackElo "1917"]
[PlyCount "123"]
[EventDate "2010.05.21"]

1. d4 Nf6 2. c4 b6 3. Nc3 Bb7 4. Bg5 e6 5. Nf3 h6 6. Bh4 Be7 7. e3 Ne4 8. Bxe7
Qxe7 9. Qc2 Nxc3 10. Qxc3 Qf6 11. Be2 c5 12. O-O Nc6 13. Rfd1 cxd4 14. Nxd4 O-O
15. Nxc6 Bxc6 16. Qxf6 gxf6 17. Rd6 Rfd8 18. a4 a5 19. b3 Kf8 20. Rad1 Ke7 21.
Kf1 Rab8 22. R6d4 Rbc8 23. Rh4 Rh8 24. e4 Rcg8 25. Rd3 f5 26. Bf3 fxe4 27. Bxe4
f5 28. Bf3 Bxf3 29. Rxf3 Rg4 30. Rxg4 fxg4 31. Rg3 h5 32. h3 gxh3 33. Rxh3 Kf6
34. Rh4 d6 35. Ke2 Kg5 36. g3 Rd8 37. Ke3 Rf8 38. Rd4 Rd8 39. Rf4 Rd7 40. Rf8
d5 41. cxd5 Rxd5 42. Rb8 Rd6 43. Ke4 Kf6 44. Rb7 e5 45. Ke3 Rc6 46. Kd3 Kf5 47.
Rd7 Re6 48. f3 Rc6 49. Rd5 Kf6 50. Ke4 Re6 51. Rd8 Rc6 52. Kd5 Rc5+ 53. Ke4 Rc6
54. Re8 Re6 55. Rf8+ Kg6 56. Rg8+ Kh6 57. Kf5 Rc6 58. Rb8 Kg7 59. Kxe5 Rc3 60.
Rb7+ Kf8 61. Rxb6 Rxf3 62. Rf6+ 1-0

[Event "I C.to della Martesana"]
[Site "Cologno Monzese ITA"]
[Date "2010.05.28"]
[Round "3"]
[White "Delle Fave, Fabio"]
[Black "Faccio, Fabio"]
[Result "0-1"]
[WhiteElo "1776"]
[BlackElo "1926"]
[PlyCount "42"]
[EventDate "2010.05.21"]

1. e4 c5 2. Nf3 d6 3. d4 cxd4 4. Nxd4 Nf6 5. Bd3 Nc6 6. Be3 e5 7. Nxc6 bxc6 8.
c4 Be6 9. Nc3 Be7 10. O-O O-O 11. Bg5 Nxe4 12. Bxe7 Nxc3 13. Bxd8 Nxd1 14. Be7
Rfe8 15. Bxd6 Nxb2 16. Rfd1 Nxd1 17. Rxd1 Red8 18. Be4 Rab8 19. c5 Rb5 20. Rc1
Bxa2 21. Bxe5 Rxc5 0-1

[Event "I C.to della Martesana"]
[Site "Cologno Monzese ITA"]
[Date "2010.05.28"]
[Round "3"]
[White "Galli, Giuliano"]
[Black "Borgni, Cristiano"]
[Result "0-1"]
[WhiteElo "1627"]
[BlackElo "1789"]
[PlyCount "37"]
[EventDate "2010.05.21"]

1. e4 e5 2. Nf3 d6 3. d4 exd4 4. Nxd4 Ne7 5. Be2 Nbc6 6. c3 Bd7 7. O-O d5 8.
exd5 Nxd5 9. Re1 Qf6 10. Bg4+ Nce7 11. Bxd7+ Kxd7 12. Nf3 Kc8 13. Bg5 Qd6 14.
Bxe7 Bxe7 15. Ne5 Rf8 16. Qg4+ f5 17. Qxg7 Bf6 18. Qg3 Re8 19. Nc4 0-1

[Event "I C.to della Martesana"]
[Site "Cologno Monzese ITA"]
[Date "2010.05.28"]
[Round "3"]
[White "Mandelli, Fabio"]
[Black "Maccarini, Luca Nicola"]
[Result "1/2-1/2"]
[WhiteElo "1579"]
[BlackElo "1893"]
[PlyCount "58"]
[EventDate "2010.05.21"]

1. c4 e5 2. Nc3 Nf6 3. g3 d5 4. cxd5 Nxd5 5. Bg2 Nb6 6. Nf3 Nc6 7. d3 Be7 8.
Be3 O-O 9. O-O Be6 10. Qc1 Nd5 11. Nxd5 Bxd5 12. Bc5 Re8 13. Bxe7 Rxe7 14. e3
Nb4 15. Qc3 Nxd3 16. Qxd3 e4 17. Qe2 exf3 18. Bxf3 Rd7 19. Bxd5 Rxd5 20. Rfd1
g6 21. e4 Rd4 22. Rxd4 Qxd4 23. Rd1 Qe5 24. Rd5 Qe6 25. Qd3 Re8 26. Rd8 Kf8 27.
Qd4 Rxd8 28. Qxd8+ Kg7 29. Qd4+ Kg8 1/2-1/2

[Event "I C.to della Martesana"]
[Site "Cologno Monzese ITA"]
[Date "2010.05.28"]
[Round "3"]
[White "Montagner, Enzo"]
[Black "Borgni, Fiorenzo"]
[Result "1-0"]
[WhiteElo "1495"]
[BlackElo "1514"]
[PlyCount "56"]
[EventDate "2010.05.21"]

1. d4 e6 2. c4 d5 3. Nc3 Nf6 4. Nf3 Nc6 5. e3 Bb4 6. a3 Bxc3+ 7. bxc3 O-O 8.
Bd3 Ne4 9. Qc2 f5 10. cxd5 exd5 11. c4 Be6 12. Rb1 Rb8 13. O-O Kh8 14. Nd2 Qg5
15. cxd5 Bxd5 16. Nxe4 fxe4 17. Bxe4 Rf6 18. Bxd5 Qxd5 19. Bb2 Rg6 20. f3 Rf8
21. Qf2 b6 22. e4 Qh5 23. Rbc1 Rgf6 24. d5 Rxf3 25. gxf3 Qg4+ 26. Qg2 Qxg2+ 27.
Kxg2 Ne7 28. Rxc7 Rf7 1-0

[Event "I C.to della Martesana"]
[Site "Cologno Monzese ITA"]
[Date "2010.05.28"]
[Round "3"]
[White "Profumo, Alberto"]
[Black "Beltrami, Francesco"]
[Result "1-0"]
[WhiteElo "2232"]
[BlackElo "1682"]
[PlyCount "47"]
[EventDate "2010.05.21"]

1. Nf3 Nf6 2. c4 g6 3. Nc3 Bg7 4. g3 b6 5. Bg2 Bb7 6. O-O d5 7. Ne5 Ne4 8. d4
Nd7 9. Nxd5 Nxe5 10. dxe5 Nc5 11. Bg5 Bxe5 12. Bxe7 Qc8 13. Bf6 Bxd5 14. Qxd5
Bxf6 15. Qxa8 Qxa8 16. Bxa8 Bxb2 17. Bc6+ Ke7 18. Rad1 Be5 19. f4 Bd6 20. e4
Ne6 21. Kg2 Bc5 22. Rd7+ Kf6 23. Bd5 Rc8 24. e5+ 1-0

[Event "I C.to della Martesana"]
[Site "Cologno Monzese ITA"]
[Date "2010.06.01"]
[Round "4"]
[White "Borgni, Cristiano"]
[Black "Mandelli, Fabio"]
[Result "1-0"]
[WhiteElo "1789"]
[BlackElo "1579"]
[PlyCount "80"]
[EventDate "2010.05.21"]

1. e4 c6 2. Bc4 d5 3. exd5 cxd5 4. Bb3 Nf6 5. d3 Nc6 6. Nc3 e6 7. a3 a6 8. Nf3
Be7 9. O-O O-O 10. Ne2 e5 11. h3 h6 12. Ng3 Be6 13. Re1 Bd6 14. c4 d4 15. Ba4
Qb8 16. Bxc6 bxc6 17. b4 Re8 18. Nd2 c5 19. bxc5 Bxc5 20. Rb1 Qc7 21. Qf3 Rab8
22. Rxb8 Rxb8 23. Nde4 Nxe4 24. Nxe4 Bf8 25. Qg3 Kh8 26. Nd2 Bd6 27. Ne4 Bf8
28. f4 f5 29. Nd2 exf4 30. Qg6 Bg8 31. Qxa6 Bd6 32. Qa4 Qf7 33. Qc6 Qf6 34. Re8
Rxe8 35. Qxe8 Kh7 36. Qb5 Be6 37. Nf3 Qe7 38. a4 Bd7 39. Qd5 g6 40. a5 Bc6 1-0

[Event "I C.to della Martesana"]
[Site "Cologno Monzese ITA"]
[Date "2010.06.01"]
[Round "4"]
[White "Cani, Gazmir"]
[Black "Faccio, Fabio"]
[Result "1-0"]
[WhiteElo "2045"]
[BlackElo "1926"]
[PlyCount "75"]
[EventDate "2010.05.21"]

1. d4 Nf6 2. Bg5 c5 3. Bxf6 gxf6 4. d5 Qb6 5. Nd2 Qxb2 6. e3 f5 7. Bc4 Bg7 8.
Rb1 Qf6 9. Ne2 O-O 10. Nf4 d6 11. O-O Nd7 12. Rb3 Nb6 13. Be2 Bd7 14. e4 Kh8
15. Nh5 Qh6 16. f4 fxe4 17. Nxe4 Bf5 18. Neg3 Bd4+ 19. Kh1 Bg6 20. c3 Bxh5 21.
Bxh5 Bg7 22. a4 Nxa4 23. Rxb7 Nxc3 24. Qf3 e6 25. Bxf7 Nxd5 26. f5 Qf6 27. Nh5
Qc3 28. Nxg7 Qxg7 29. Bxe6 Qxb7 30. Bxd5 Qb4 31. Bxa8 a5 32. f6 a4 33. Bd5 Qh4
34. g3 Qg5 35. f7 Kg7 36. h4 Qg6 37. Qc3+ Kh6 38. Rf6 1-0

[Event "I C.to della Martesana"]
[Site "Cologno Monzese ITA"]
[Date "2010.06.01"]
[Round "4"]
[White "Maccarini, Luca Nicola"]
[Black "Borin, Fabio"]
[Result "0-1"]
[WhiteElo "1893"]
[BlackElo "2106"]
[PlyCount "50"]
[EventDate "2010.05.21"]

1. d4 d6 2. Nf3 f5 3. c4 Nf6 4. g3 g6 5. Bg2 Bg7 6. O-O O-O 7. Nbd2 Nc6 8. b3
e5 9. dxe5 dxe5 10. Bb2 e4 11. Ne5 Nxe5 12. Bxe5 Qe7 13. Bc3 e3 14. Nf3 Rd8 15.
Qc2 Ng4 16. Bxg7 Qxg7 17. Rad1 exf2+ 18. Kh1 Bd7 19. Rd3 Bc6 20. Ng5 Qe7 21.
Bxc6 bxc6 22. Qd2 Rxd3 23. exd3 Ne3 24. Rxf2 Qxg5 25. g4 f4 0-1

[Event "I C.to della Martesana"]
[Site "Cologno Monzese ITA"]
[Date "2010.06.01"]
[Round "4"]
[White "Moreschi, Mauro"]
[Black "Profumo, Alberto"]
[Result "0-1"]
[WhiteElo "1917"]
[BlackElo "2232"]
[PlyCount "70"]
[EventDate "2010.05.21"]

1. e4 c6 2. d4 d5 3. e5 Bf5 4. h4 h5 5. c4 e6 6. Nc3 Ne7 7. Bg5 dxc4 8. Bxc4
Qb6 9. Bxe7 Bxe7 10. Bb3 Nd7 11. Nge2 O-O-O 12. Bc2 Bxc2 13. Qxc2 Kb8 14. f4 g6
15. O-O-O Qa5 16. Qa4 Qxa4 17. Nxa4 b5 18. Nac3 Nb6 19. g3 Rd7 20. Ne4 Rhd8 21.
Nc5 Rd5 22. b4 Nc4 23. Ne4 Ne3 24. Rd3 Nf5 25. Rhd1 Kc7 26. a3 a5 27. Kb2 Ra8
28. bxa5 Rxa5 29. Nc5 Nxd4 30. Nxd4 Bxc5 31. Nf3 Rxa3 32. Rxd5 cxd5 33. Ng5
Rxg3 34. Nxf7 Kd7 35. Ng5 Rg4 0-1

[Event "I C.to della Martesana"]
[Site "Cologno Monzese ITA"]
[Date "2010.06.04"]
[Round "5"]
[White "Beltrami, Francesco"]
[Black "Moreschi, Mauro"]
[Result "0-1"]
[WhiteElo "1682"]
[BlackElo "1917"]
[PlyCount "115"]
[EventDate "2010.05.21"]

1. d4 Nf6 2. g3 e6 3. Bg5 Be7 4. Bg2 d5 5. c4 c6 6. c5 Nbd7 7. Nc3 h6 8. Bxf6
Bxf6 9. e4 dxe4 10. Bxe4 e5 11. dxe5 Bxe5 12. Nf3 Bxc3+ 13. bxc3 Nxc5 14. Qxd8+
Kxd8 15. O-O-O+ Kc7 16. Rde1 Re8 17. Bc2 Bh3 18. Rxe8 Rxe8 19. Re1 Rxe1+ 20.
Nxe1 Be6 21. a3 Bd5 22. Kd2 Kb6 23. f3 Ka5 24. Ke3 Bb3 25. c4 Ka4 26. Kd4 Ne6+
27. Kc3 Bxc2 28. Nxc2 Ng5 29. f4 Ne4+ 30. Kd3 Nf2+ 31. Ke3 Ng4+ 32. Kf3 Nxh2+
33. Kg2 Ng4 34. Kf3 Nf6 35. g4 Kb3 36. Nd4+ Kxa3 37. Nf5 Ne8 38. c5 Kb4 39. Nd6
Nf6 40. g5 hxg5 41. fxg5 Nd5 42. Nxf7 Kxc5 43. Ne5 a5 44. Nd3+ Kd4 45. Nb2 b5
46. Kg4 a4 47. Nxa4 bxa4 48. Kf5 Ne7+ 49. Ke6 a3 50. Kxe7 a2 51. Kf7 a1=Q 52.
Kxg7 Ke4+ 53. Kf7 Qf1+ 54. Kg7 Kf5 55. g6 Qg1 56. Kf8 Kxg6 57. Kg8 Qa7 58. Kf8
0-1

[Event "I C.to della Martesana"]
[Site "Cologno Monzese ITA"]
[Date "2010.06.04"]
[Round "5"]
[White "Borin, Fabio"]
[Black "Cani, Gazmir"]
[Result "1-0"]
[WhiteElo "2106"]
[BlackElo "2045"]
[PlyCount "71"]
[EventDate "2010.05.21"]

1. c4 Nf6 2. Nc3 g6 3. g3 d5 4. cxd5 Nxd5 5. Bg2 Nb6 6. d3 Bg7 7. Be3 O-O 8.
Qd2 Nc6 9. Bxc6 bxc6 10. Bh6 Nd5 11. Ne4 Rb8 12. Bxg7 Kxg7 13. Rc1 Nf6 14. Qc3
Kg8 15. h4 Qd5 16. Qxf6 Qxe4 17. dxe4 exf6 18. b3 Rb6 19. Nf3 Re8 20. Nd2 Ba6
21. f3 f5 22. Kf2 Kg7 23. Rhe1 fxe4 24. Nxe4 Bc8 25. Nc5 Rd8 26. Red1 Rxd1 27.
Rxd1 Rb5 28. Rc1 a5 29. Ke3 h5 30. Kd4 f6 31. e4 Kf7 32. f4 Ke7 33. Rc4 Bg4 34.
Ra4 Bh3 35. a3 Kd6 36. Rxa5 1-0

[Event "I C.to della Martesana"]
[Site "Cologno Monzese ITA"]
[Date "2010.06.04"]
[Round "5"]
[White "Faccio, Fabio"]
[Black "Maccarini, Luca Nicola"]
[Result "1/2-1/2"]
[WhiteElo "1926"]
[BlackElo "1893"]
[PlyCount "109"]
[EventDate "2010.05.21"]

1. e4 e5 2. Nf3 Nf6 3. Nxe5 d6 4. Nf3 Nxe4 5. d4 d5 6. Bd3 Bd6 7. O-O O-O 8.
Re1 Bf5 9. c4 c6 10. Qb3 Na6 11. c5 Naxc5 12. Qc2 Nxd3 13. Qxd3 Re8 14. Nc3
Nxc3 15. Qxc3 Rxe1+ 16. Qxe1 Qd7 17. Qc3 Re8 18. Bd2 h6 19. h3 Re2 20. Kf1 Re8
21. Re1 Rxe1+ 22. Bxe1 Be4 23. Bd2 Qf5 24. Ke2 Bxf3+ 25. Qxf3 Qc2 26. Qc3 Qxc3
27. Bxc3 Kf8 28. b3 Ke7 29. f3 h5 30. g4 g6 31. Bd2 Ke6 32. Bc1 Be7 33. Bd2 Bf6
34. Kd3 Bh4 35. Ke2 Kf6 36. Bf4 a6 37. Bc7 Ke6 38. Bf4 Bf6 39. Kd3 Be7 40. Be3
Ba3 41. Kc2 b5 42. Kd3 a5 43. Kc2 a4 44. Kd3 Kd6 45. Bf4+ Kd7 46. Be3 c5 47.
dxc5 Kc6 48. Bg5 Bxc5 49. Bf4 Bf2 50. Bg5 f5 51. Be7 axb3 52. axb3 d4 53. Bd8
Kd5 54. Bf6 fxg4 55. fxg4 1/2-1/2

[Event "I C.to della Martesana"]
[Site "Cologno Monzese ITA"]
[Date "2010.06.04"]
[Round "5"]
[White "Profumo, Alberto"]
[Black "Borgni, Cristiano"]
[Result "1-0"]
[WhiteElo "2232"]
[BlackElo "1789"]
[PlyCount "61"]
[EventDate "2010.05.21"]

1. Nf3 c5 2. g3 b6 3. Bg2 Bb7 4. c4 g6 5. O-O Bg7 6. Nc3 Nf6 7. d4 cxd4 8. Qxd4
O-O 9. Qh4 Re8 10. Rd1 Qc7 11. Bg5 d6 12. Rac1 Nbd7 13. Nd5 Qd8 14. Nd4 Bxd5
15. cxd5 Nf8 16. Nc6 Qd7 17. Bh3 Qb7 18. b4 b5 19. Na5 Qb8 20. Qf4 h5 21. Bh6
Bh8 22. Qd2 N8h7 23. f3 Nf8 24. e4 N6h7 25. Be3 Bf6 26. f4 Bg7 27. Bd4 Nf6 28.
Qe2 N8d7 29. Nc6 Qb7 30. Bg2 Nb6 31. Qxb5 1-0

[Event "I C.to della Martesana"]
[Site "Cologno Monzese ITA"]
[Date "2010.06.08"]
[Round "6"]
[White "Delle Fave, Fabio"]
[Black "Borgni, Fiorenzo"]
[Result "1-0"]
[WhiteElo "1776"]
[BlackElo "1514"]
[PlyCount "73"]
[EventDate "2010.05.21"]

1. e4 d5 2. exd5 Qxd5 3. Nc3 Qa5 4. Bc4 e6 5. d3 Bb4 6. Bd2 Qe5+ 7. Qe2 Nc6 8.
a3 Qxe2+ 9. Ngxe2 Bxc3 10. Bxc3 Nge7 11. g3 Bd7 12. Bxg7 Rg8 13. Bc3 O-O-O 14.
O-O-O e5 15. Bxf7 Rgf8 16. Bb3 Rxf2 17. Rde1 Bg4 18. Ng1 Rdf8 19. h3 Bd7 20.
Ne2 Rg2 21. Kd1 Rff2 22. Rhf1 Bxh3 23. Rxf2 Rxf2 24. Kd2 Kd7 25. Ke3 Rf1 26.
Rxf1 Bxf1 27. Ng1 Bg2 28. Nf3 Nf5+ 29. Kf2 Bxf3 30. Kxf3 h5 31. Ba4 Kd6 32. Be1
a6 33. c3 b5 34. Bd1 Nce7 35. Ke4 c5 36. Bxh5 Ng8 37. Kxf5 1-0

[Event "I C.to della Martesana"]
[Site "Cologno Monzese ITA"]
[Date "2010.06.08"]
[Round "6"]
[White "Maccarini, Luca Nicola"]
[Black "Cani, Gazmir"]
[Result "0-1"]
[WhiteElo "1893"]
[BlackElo "2045"]
[PlyCount "68"]
[EventDate "2010.05.21"]

1. d4 Nf6 2. Nf3 g6 3. c4 Bg7 4. Nc3 d5 5. e3 O-O 6. Be2 c5 7. O-O cxd4 8. exd4
Nc6 9. Bf4 Bg4 10. h3 Bf5 11. Qb3 Na5 12. Qb4 Nxc4 13. Qxb7 Qb6 14. Qxb6 Nxb6
15. Nb5 Nh5 16. Be5 Bxe5 17. Nxe5 Nf4 18. Bf3 f6 19. g4 fxe5 20. gxf5 e4 21.
Nc7 Rac8 22. Nxd5 Nbxd5 23. Bxe4 gxf5 24. Bh1 Nxh3+ 25. Kh2 Nhf4 26. Rg1+ Kf7
27. Rg5 Kf6 28. Rag1 Rc2 29. R1g3 Rxf2+ 30. Kg1 Rxb2 31. Bxd5 Rc8 32. Bg2 Rc1+
33. Kh2 Rcc2 34. Rg8 Rxg2+ 0-1

[Event "I C.to della Martesana"]
[Site "Cologno Monzese ITA"]
[Date "2010.06.08"]
[Round "6"]
[White "Mandelli, Fabio"]
[Black "Beltrami, Francesco"]
[Result "1/2-1/2"]
[WhiteElo "1579"]
[BlackElo "1682"]
[PlyCount "34"]
[EventDate "2010.05.21"]

1. Nf3 Nf6 2. g3 g6 3. Bg2 Bg7 4. c4 O-O 5. O-O c5 6. Nc3 Nc6 7. d3 d5 8. cxd5
Nxd5 9. Bd2 Rb8 10. Nxd5 Qxd5 11. Bc3 Bxc3 12. bxc3 Qh5 13. Qc1 Bh3 14. Qg5
Qxg5 15. Nxg5 Bxg2 16. Kxg2 Ne5 17. Rab1 b6 1/2-1/2

[Event "I C.to della Martesana"]
[Site "Cologno Monzese ITA"]
[Date "2010.06.08"]
[Round "6"]
[White "Moreschi, Mauro"]
[Black "Borgni, Cristiano"]
[Result "1/2-1/2"]
[WhiteElo "1917"]
[BlackElo "1789"]
[PlyCount "53"]
[EventDate "2010.05.21"]

1. e4 Nf6 2. Nc3 e5 3. g3 Nc6 4. Bg2 h6 5. Nge2 Nd4 6. Nxd4 exd4 7. Nb5 Bc5 8.
e5 Nh7 9. Qg4 O-O 10. O-O d6 11. Qe2 Re8 12. b4 Rxe5 13. Qd1 Bb6 14. Na3 d5 15.
d3 c6 16. f4 Re8 17. Qf3 Nf6 18. h3 Qe7 19. Bd2 Qe2 20. Qxe2 Rxe2 21. Rf2 Rxf2
22. Kxf2 Bd7 23. Re1 Re8 24. Rb1 a6 25. Rb3 h5 26. Nb1 Bf5 27. Kf1 1/2-1/2

[Event "I C.to della Martesana"]
[Site "Cologno Monzese ITA"]
[Date "2010.06.11"]
[Round "7"]
[White "Borgni, Cristiano"]
[Black "Delle Fave, Fabio"]
[Result "1/2-1/2"]
[WhiteElo "1789"]
[BlackElo "1776"]
[PlyCount "92"]
[EventDate "2010.05.21"]

1. d4 Nf6 2. c4 e6 3. Nc3 Bb4 4. Qc2 d5 5. e3 O-O 6. Bd3 b6 7. Nge2 Bb7 8. O-O
g6 9. a3 Be7 10. f3 c5 11. b3 Nc6 12. cxd5 Nxd5 13. Nxd5 Qxd5 14. Be4 Qd7 15.
Bb2 Rac8 16. dxc5 Bxc5 17. Qc3 f6 18. Rfd1 Qe7 19. b4 Bd6 20. Qb3 Kg7 21. Rac1
Nd8 22. Rxc8 Bxc8 23. Qc4 Qc7 24. Qxc7+ Bxc7 25. Rc1 Rf7 26. Nd4 a6 27. a4 e5
28. Nc6 Bb7 29. b5 axb5 30. axb5 Rd7 31. Nxd8 Bxd8 32. Bxb7 Rxb7 33. f4 exf4
34. exf4 Be7 35. Bd4 Bd6 36. g3 Rc7 37. Rxc7+ Bxc7 38. Kf2 Kf7 39. Ke3 Ke6 40.
Kd3 f5 41. Kc4 Bd8 42. h3 h5 43. h4 Bc7 44. Bc3 Bd6 45. Bd4 Bc7 46. Be3 Bd8
1/2-1/2

[Event "I C.to della Martesana"]
[Site "Cologno Monzese ITA"]
[Date "2010.06.11"]
[Round "7"]
[White "Cani, Gazmir"]
[Black "Profumo, Alberto"]
[Result "1/2-1/2"]
[WhiteElo "2045"]
[BlackElo "2232"]
[PlyCount "60"]
[EventDate "2010.05.21"]

1. d4 g6 2. c4 Nf6 3. Nf3 Bg7 4. Nc3 O-O 5. e4 d6 6. Be2 e5 7. O-O Nc6 8. d5
Ne7 9. b4 Nh5 10. Re1 f5 11. Ng5 Nf6 12. Bf3 c6 13. Ba3 cxd5 14. cxd5 fxe4 15.
Bxe4 h6 16. Ne6 Bxe6 17. dxe6 Nxe4 18. Nxe4 d5 19. b5 dxe4 20. Qxd8 Rfxd8 21.
Bxe7 Re8 22. Bb4 Rxe6 23. Rxe4 a6 24. bxa6 Rexa6 25. a3 Bf8 26. Rb1 Bxb4 27.
Rexb4 Rxa3 28. Rxb7 Ra1 29. g3 Rxb1+ 30. Rxb1 Kf7 1/2-1/2

[Event "I C.to della Martesana"]
[Site "Cologno Monzese ITA"]
[Date "2010.06.11"]
[Round "7"]
[White "Faccio, Fabio"]
[Black "Borin, Fabio"]
[Result "0-1"]
[WhiteElo "1926"]
[BlackElo "2106"]
[PlyCount "58"]
[EventDate "2010.05.21"]

1. e4 c5 2. Nf3 d6 3. d4 Nf6 4. Nc3 cxd4 5. Nxd4 g6 6. Be2 Bg7 7. Be3 Nc6 8.
Nb3 O-O 9. Qd2 Be6 10. f4 Na5 11. O-O Nc4 12. Bxc4 Bxc4 13. Rfd1 Ng4 14. Nd4
Nxe3 15. Qxe3 Qb6 16. b3 e5 17. Nf5 gxf5 18. Qxb6 axb6 19. bxc4 exf4 20. Rab1
Bxc3 21. exf5 Rxa2 22. Rxd6 Rxc2 23. Rbxb6 Re8 24. Rb1 Kg7 25. h4 Ree2 26. h5
Rxg2+ 27. Kh1 Rh2+ 28. Kg1 Rxh5 29. Rxb7 f3 0-1

[Event "I C.to della Martesana"]
[Site "Cologno Monzese ITA"]
[Date "2010.06.11"]
[Round "7"]
[White "Galli, Giuliano"]
[Black "Beltrami, Francesco"]
[Result "1/2-1/2"]
[WhiteElo "1627"]
[BlackElo "1682"]
[PlyCount "54"]
[EventDate "2010.05.21"]

1. e4 c5 2. Nf3 Nc6 3. d4 cxd4 4. Nxd4 Nf6 5. Nc3 e5 6. Nb3 Bb4 7. Bd3 h6 8.
O-O O-O 9. Bd2 d6 10. a3 Bxc3 11. Bxc3 Be6 12. Nd2 d5 13. exd5 Nxd5 14. Ne4
Nxc3 15. Nxc3 f5 16. b3 Nd4 17. Qc1 e4 18. Bc4 Bxc4 19. bxc4 Qa5 20. Qb2 Qxc3
21. Qxb7 Qxc4 22. Rae1 Nc6 23. Qb3 Qxb3 24. cxb3 Nd4 25. Rb1 Rab8 26. b4 Rfc8
27. Rfd1 Ne2+ 1/2-1/2

[Event "I C.to della Martesana"]
[Site "Cologno Monzese ITA"]
[Date "2010.06.10"]
[Round "7"]
[White "Moreschi, Mauro"]
[Black "Maccarini, Luca Nicola"]
[Result "1-0"]
[WhiteElo "1917"]
[BlackElo "1893"]
[PlyCount "107"]
[EventDate "2010.05.21"]

1. e4 e5 2. Nc3 Nf6 3. f4 d5 4. fxe5 Nxe4 5. d3 Nxc3 6. bxc3 c5 7. Nf3 Be7 8.
Be2 O-O 9. O-O Nc6 10. Qe1 f6 11. Qg3 fxe5 12. Nxe5 Rxf1+ 13. Bxf1 Nxe5 14.
Qxe5 Bf6 15. Qg3 Bxc3 16. Rb1 b6 17. Bg5 Qd7 18. Be2 Bd4+ 19. Be3 Bxe3+ 20.
Qxe3 Qe6 21. Qg5 Bb7 22. Bg4 Qf6 23. Qxf6 gxf6 24. Re1 Kf8 25. Bh5 d4 26. Re6
Bd5 27. Rxf6+ Kg7 28. Rd6 Bxa2 29. Bf3 Rf8 30. h4 Rf7 31. h5 Re7 32. h6+ Kf8
33. Kf2 Ke8 34. Bh5+ Bf7 35. Bf3 Re6 36. Bc6+ Ke7 37. Rd7+ Kf6 38. Be4 Re7 39.
Rxe7 Kxe7 40. Bxh7 Kf6 41. Bf5 a5 42. Ke1 a4 43. Kd2 Be8 44. g4 Kf7 45. g5 Kg8
46. g6 Kh8 47. Kc1 b5 48. Kb2 b4 49. Ka2 a3 50. Kb1 c4 51. dxc4 d3 52. cxd3 b3
53. g7+ Kg8 54. Be6+ 1-0

[Event "XIV Festival A"]
[Site "Salsomaggiore Terme ITA"]
[Date "2010.05.06"]
[Round "4"]
[White "Massironi, Marco"]
[Black "Rinaldi, Francesco Saverio"]
[Result "0-1"]
[WhiteElo "2151"]
[BlackElo "2188"]
[PlyCount "38"]
[EventDate "2010.05.14"]

1. e4 g6 2. d4 Bg7 3. Nf3 c5 4. dxc5 Qa5+ 5. c3 Qxc5 6. Na3 Nc6 7. Nb5 Qb6 8.
Bf4 d6 9. Bxd6 exd6 10. Qxd6 Nge7 11. Nc7+ Kf8 12. Nxa8 Qxb2 13. Rd1 Bxc3+ 14.
Nd2 Kg7 15. Be2 Rd8 16. Qf4 Be6 17. Nc7 Bxa2 18. Nb5 Bb4 19. h4 Bb3 0-1

[Event "II Festival A"]
[Site "Bisaccia ITA"]
[Date "2010.05.29"]
[Round "1"]
[White "Bianco, Raffaele"]
[Black "Carnicelli, Valerio"]
[Result "1-0"]
[WhiteElo "2066"]
[BlackElo "1821"]
[PlyCount "61"]
[EventDate "2010.05.29"]

1. e4 e5 2. Nf3 Nc6 3. Bb5 a6 4. Ba4 Nf6 5. O-O Nxe4 6. d4 b5 7. Bb3 d5 8. dxe5
Be6 9. Be3 Be7 10. c3 O-O 11. Nbd2 f5 12. Nd4 Nxd4 13. cxd4 Qd7 14. Nxe4 fxe4
15. Rc1 Bg4 16. Rxc7 Qxc7 17. Bxd5+ Be6 18. Bxe6+ Kh8 19. Bd5 Rad8 20. Bxe4 Bc5
21. Bb1 Bb6 22. Qh5 g6 23. Qh6 Qg7 24. Qh4 Qf7 25. Rd1 Rc8 26. Qe4 Rfe8 27. Bg5
Rc4 28. Bc2 Rcc8 29. Bb3 Qf8 30. h3 h6 31. Qxg6 1-0

[Event "II Festival A"]
[Site "Bisaccia ITA"]
[Date "2010.05.29"]
[Round "1"]
[White "Bove, Raffaele"]
[Black "Caprio, Guido"]
[Result "0-1"]
[WhiteElo "1910"]
[BlackElo "2224"]
[PlyCount "39"]
[EventDate "2010.05.29"]

1. e4 c5 2. f4 d5 3. exd5 Nf6 4. c4 e6 5. Nc3 exd5 6. cxd5 Nxd5 7. Nxd5 Qxd5 8.
d3 Nc6 9. Be3 Bd6 10. Nf3 O-O 11. Be2 Re8 12. Qc2 Qe6 13. Bf2 Bxf4 14. Qd1 b6
15. Ng1 Qg6 16. Kf1 Be5 17. Qa4 Nb4 18. d4 Bxd4 19. Re1 Nd3 20. Bxd4 0-1